000 00275nam a2200145Ia 4500
100 _aVAsilyev/M
942 _cBK
654 _aMetals
245 _aMetals & man
260 _bMir Publishers
082 _a546.3
_bVAS
300 _a284
546 _aENGLISH
999 _c20595
_d20595